| 000 | 00560nam a2200169 4500 | ||
|---|---|---|---|
| 001 | 126726 | ||
| 003 | ES-MaACL | ||
| 005 | 20230906192852.0 | ||
| 007 | t| | ||
| 008 | 070214s1934 sp r ||||1| spa d | ||
| 245 | 0 | 0 | _aResumen de natalidad y mortalidad de España en el año 1933. |
| 260 |
_aMadrid : _b[s. n.], _c1934. |
||
| 300 |
_a41 p. ; _c25 x 17 cm. |
||
| 500 | _aPrecede al tít.: Dirección General de Sanidad, Departamento de Estadísticas Sanitarias. | ||
| 710 | 1 |
_aEspaña. _bDirección General de Sanidad. _93905 |
|
| 852 |
_aES-MaACL _j1771-F-8 |
||
| 999 |
_c126726 _d126726 |
||